Prayer and its remarkable answers: (Record no. 8746)

000 -LEADER
fixed length control field 00607nam a2200181 a 4500
001 - CONTROL NUMBER
control field :::00006524$&:&@@
003 - CONTROL NUMBER IDENTIFIER
control field OkBaRHE
005 - DATE AND TIME OF LATEST TRANSACTION
control field 20000607103331.0
008 - FIXED-LENGTH DATA ELEMENTS--GENERAL INFORMATION
fixed length control field s1892 j 000 0 eng u
040 ## - CATALOGING SOURCE
Transcribing agency
100 1# - MAIN ENTRY--PERSONAL NAME
Personal name Patton, William W.
245 10 - TITLE STATEMENT
Title Prayer and its remarkable answers:
Remainder of title being a statement of facts in the light of reason and revelation.
260 ## - PUBLICATION, DISTRIBUTION, ETC. (IMPRINT)
Place of publication, distribution, etc Cleveland, OH., :
Name of publisher, distributor, etc Lauer and Mattill
Date of publication, distribution, etc c1892
300 ## - PHYSICAL DESCRIPTION
Extent 456 p. ;
Dimensions 19 cm.
650 ## - SUBJECT ADDED ENTRY--TOPICAL TERM
Topical term or geographic name as entry element Prayer
General subdivision History
942 ## - ADDED ENTRY ELEMENTS (KOHA)
Source of classification or shelving scheme
Koha item type Books
Copies
Date acquired Permanent Location Current Location Price effective from Copy number Date checked out Lost status Barcode Koha item type Shelving location Not for loan Source of classification or shelving scheme Date last seen Full call number Damaged status Total Checkouts Withdrawn status
2010-04-14RHEMA Bible Training CollegeRHEMA Bible Training College2010-04-1412016-01-25 6524BooksGeneral Stacks  2016-02-05BV 207 .P3 2